000 00696nam a2200289Ia 4500
005 20260324141846.0
008 008 260324s9999 xx 000 0 eng d
020 _a9781315842752
037 _aEBOOK
040 _aCRL
040 _beng
040 _cCRL
041 _2eng
041 _aeng
084 _qCRL
100 _aBernard M. G. Reardon
_91209787
245 0 _aReligious Thought in the Victorian Age
245 2 _bA Survey from Coleridge to Gore
260 _bTaylor and Francis
260 _c1996
365 _a
365 _b230
856 _uhttp://www.taylorfrancis.com/books/9781315842752
942 _cEBOOK
999 _c1813304
_d1813304